Microbiology (Record no. 27490)

MARC details
000 -LEADER
fixed length control field 00312nam a2200133Ia 4500
082 ## - DEWEY DECIMAL CLASSIFICATION NUMBER
Classification number 579
Item number CAR
100 ## - MAIN ENTRY--AUTHOR NAME
Personal name CARPENTER, Philip L
245 #0 - TITLE STATEMENT
Title Microbiology
250 ## - EDITION STATEMENT
Edition statement Ed.4
260 ## - PUBLICATION, DISTRIBUTION, ETC. (IMPRINT)
Place of publication Philadelphia
Name of publisher Saunders
Year of publication 1977
650 ## - SUBJECT ADDED ENTRY--TOPICAL TERM
Topical Term Microbiology
942 ## - ADDED ENTRY ELEMENTS (KOHA)
Koha item type Books
Holdings
Withdrawn status Lost status Damaged status Not for loan Home library Current library Date acquired Full call number Accession Number Koha item type
        RRII Library RRII Library 16/12/2021 579 CAR 08110 Books